লোডিং...

Red hat linux 8 unleashed

গ্রন্থ-পঞ্জীর বিবরন
প্রধান লেখক: Ball, Billty
অন্যান্য লেখক: Duff, Hoyt
বিন্যাস: Printed Book
ভাষা:English
প্রকাশিত: New Delhi Techmedia 2003
বিষয়গুলি:
LEADER 00562nam a22001817a 4500
005 20151217143823.0
008 100113t xxu||||| |||| 00| 0 eng d
020 |a 067232458X 
080 |a 004.451 LIN  |b BAL 
100 |a Ball, Billty   |9 8758 
245 |a Red hat linux 8 unleashed 
260 |a New Delhi  |b Techmedia  |c 2003 
300 |a 1002p. 
653 |a Red hat linux 8 
700 |a  Duff, Hoyt  |9 8759 
942 |c BK  |6 _ 
999 |c 141864  |d 141864 
952 |0 0  |1 0  |2 ddc  |4 0  |6 004451LIN_BAL  |7 0  |9 180190  |a DST  |b DST  |d 2010-01-13  |o 004.451LIN BAL  |p DST08086  |r 2013-06-19  |w 2013-06-19  |y BK